Ciencias Biológicas de las moleculas al hombre

Bibliographic Details
Main Author: Welch, Claude A
Format: Section = Libro
Language:Undetermined
Spanish
Published: México Continental 1977
Subjects:
LEADER 00518nam a2200193Ia 4500
008 240830s9999 xx 000 0 und d
020 |a 968-26-0000-6 
040 |a CEDOC FIQ-RUSB / 570 C569 
041 |a spa 
082 |a 570 C569 
100 1 |a Welch, Claude A 
245 1 0 |a Ciencias Biológicas de las moleculas al hombre 
260 |a México  |b Continental  |c 1977 
300 |a 999 p. :il 
650 7 |a BIOLOGIA PRECURSORES DE LA VIDA 
650 7 |b  QUIMICA PARA LA VIDA 
942 |c BK  |2 ddc 
991 |a TEXTO 
999 |c 13179